[Event "SRB-chT2 East"]
[Site "Vrnjacka Banja"]
[Date "2015.08.30"]
[Round "5.5"]
[White "Mickovic, Slavisa"]
[Black "Trifunovic, Miroljub"]
[Result "1-0"]
[WhiteElo "2092"]
[BlackElo "2209"]
[PlyCount "111"]
[EventDate "2015.08.28"]
[EventType "team-tourn"]
[EventRounds "11"]
[EventCountry "SRB"]
[SourceTitle "EXT 2022"]
[Source "ChessBase"]
[SourceDate "2021.10.06"]
[SourceVersion "1"]
[SourceVersionDate "2021.10.06"]
[SourceQuality "1"]

1. e4 e5 2. Nf3 Nc6 3. Bc4 Bc5 4. d3 Nf6 5. c3 Bb6 6. a4 0-0 7. 0-0 d6 8. h3 h6 9. Nbd2 a6 10. Re1 Re8 11. b4 Be6 12. Qb3 Nh5 13. Nf1 Qf6 14. Bxe6 fxe6 15. N1h2 Nf4 16. Bxf4 exf4 17. d4 Kh8 18. e5 Qf5 19. Qb1 Qf7 20. Ng4 d5 21. Nh4 Ne7 22. a5 Ba7 23. Qd3 h5 24. Nh2 g5 25. N4f3 Rg8 26. g4 c6 27. Kf1 Rg7 28. Ke2 Bb8 29. gxh5 Qxh5 30. Ng4 Ng8 31. Rh1 Rh7 32. Rag1 Bc7 33. h4 gxh4 34. Rxh4 Qf5 35. Rxh7+ Kxh7 36. Ng5+ Kg7 37. Qxf5 exf5 38. Ne6+ Kf7 39. Nxc7 Rc8 40. e6+ Kf8 41. Ne5 Rxc7 42. Nd7+ Ke7 43. Rxg8 Kxe6 44. Ne5 Rh7 45. Rb8 Kd6 46. Kf3 Kc7 47. Rf8 Rh3+ 48. Kxf4 Rxc3 49. Rf7+ Kc8 50. Kxf5 Rb3 51. Ke6 Rxb4 52. Kd6 Kb8 53. Nd7+ Ka7 54. Nb6 Rb5 55. Rf8 Rxa5 56. Kc7 1-0

[Event "SRB-chT2 East"]
[Site "Vrnjacka Banja"]
[Date "2015.08.30"]
[Round "4.5"]
[White "Popovic, Djordje D"]
[Black "Trifunovic, Miroljub"]
[Result "1/2-1/2"]
[WhiteElo "2244"]
[BlackElo "2209"]
[PlyCount "28"]
[EventDate "2015.08.28"]
[EventType "team-tourn"]
[EventRounds "11"]
[EventCountry "SRB"]
[SourceTitle "EXT 2022"]
[Source "ChessBase"]
[SourceDate "2021.10.06"]
[SourceVersion "1"]
[SourceVersionDate "2021.10.06"]
[SourceQuality "1"]

1. d4 Nf6 2. c4 e6 3. Nc3 d5 4. cxd5 exd5 5. Bg5 c6 6. e3 Be7 7. Qc2 Nbd7 8. Bd3 0-0 9. Nf3 Re8 10. 0-0 Nf8 11. Rab1 a5 12. a3 Be6 13. b4 axb4 14. axb4 N6d7 1/2-1/2

[Event "SRB-chT2 East"]
[Site "Vrnjacka Banja"]
[Date "2015.08.29"]
[Round "3.6"]
[White "Ravic, Nenad"]
[Black "Trifunovic, Miroljub"]
[Result "1-0"]
[WhiteElo "2316"]
[BlackElo "2209"]
[PlyCount "66"]
[EventDate "2015.08.28"]
[EventType "team-tourn"]
[EventRounds "11"]
[EventCountry "SRB"]
[SourceTitle "EXT 2022"]
[Source "ChessBase"]
[SourceDate "2021.10.06"]
[SourceVersion "1"]
[SourceVersionDate "2021.10.06"]
[SourceQuality "1"]

1. e4 e5 2. d4 exd4 3. Qxd4 Nc6 4. Qe3 Nf6 5. Nc3 Bb4 6. Bd2 0-0 7. 0-0-0 Re8 8. Qg3 Rxe4 9. a3 Rg4 10. Qe3 Ba5 11. f3 Bb6 12. Qe1 Rd4 13. Nge2 Rd6 14. Nf4 Nd4 15. Bd3 Ne6 16. Qh4 c6 17. Rhe1 h6 18. Nh5 Nxh5 19. Qxh5 Bd4 20. Qf5 Nf8 21. Ne4 Rg6 22. Ng3 Bf2 23. Re2 Bxg3 24. hxg3 d5 25. Qh5 Re6 26. g4 Rxe2 27. Bxe2 Ne6 28. f4 Qf6 29. f5 Nd4 30. Bd3 c5 31. g5 Qe5 32. Re1 Qxe1+ 33. Bxe1 c4 1-0

[Event "Veliko Gradiste Silver Lake op-A"]
[Site "Veliko Gradiste"]
[Date "2015.06.26"]
[Round "7"]
[White "Trifunovic, Miroljub"]
[Black "Sorgic, Dragan"]
[Result "0-1"]
[WhiteElo "2232"]
[BlackElo "2198"]
[PlyCount "84"]
[EventDate "2015.06.20"]
[EventType "swiss"]
[EventRounds "9"]
[EventCountry "SRB"]
[SourceTitle "CBM 167 Extra"]
[Source "ChessBase"]
[SourceDate "2015.09.14"]
[SourceVersion "1"]
[SourceVersionDate "2015.09.14"]
[SourceQuality "1"]

1. d4 Nf6 2. c4 g6 3. Nc3 Bg7 4. e4 d6 5. Be2 0-0 6. Nf3 e5 7. d5 a5 8. Bg5 h6 9. Be3 Ng4 10. Bd2 f5 11. h3 Nf6 12. exf5 gxf5 13. Qc1 f4 14. g3 e4 15. Nh4 e3 16. fxe3 fxg3 17. Ng6 g2 18. Rg1 Bxh3 19. Nxf8 Qxf8 20. Qc2 Ng4 21. 0-0-0 Nf2 22. Rde1 Nd7 23. e4 Nc5 24. Be3 Qf6 25. Kb1 Nfxe4 26. Nxe4 Nxe4 27. Bd3 Nc5 28. Bxc5 dxc5 29. Be4 Qd4 30. Rd1 Qe5 31. Ka1 a4 32. a3 Ra6 33. Bxg2 Bf5 34. Qf2 Rb6 35. Rd2 Rb3 36. Ka2 b5 37. Re2 Qd4 38. Qxd4 Bxd4 39. Rge1 Bd3 40. Re8+ Kg7 41. R8e7+ Kf6 42. R7e6+ Kg5 0-1

[Event "Veliko Gradiste Silver Lake op-A"]
[Site "Veliko Gradiste"]
[Date "2015.06.25"]
[Round "6"]
[White "Velickovski Nejkovic, Maja"]
[Black "Trifunovic, Miroljub"]
[Result "0-1"]
[WhiteElo "2058"]
[BlackElo "2232"]
[PlyCount "140"]
[EventDate "2015.06.20"]
[EventType "swiss"]
[EventRounds "9"]
[EventCountry "SRB"]
[SourceTitle "CBM 167 Extra"]
[Source "ChessBase"]
[SourceDate "2015.09.14"]
[SourceVersion "1"]
[SourceVersionDate "2015.09.14"]
[SourceQuality "1"]

1. d4 Nf6 2. c4 e6 3. Nc3 d5 4. cxd5 exd5 5. Bg5 c6 6. Qc2 Be7 7. e3 Nbd7 8. Bd3 Nh5 9. Bxe7 Qxe7 10. Nge2 g6 11. h3 Nb6 12. g4 Ng7 13. 0-0-0 Be6 14. Kb1 0-0-0 15. Nf4 Kb8 16. Na4 Bc8 17. Rhg1 g5 18. Ne2 h5 19. Nc5 hxg4 20. hxg4 Rh4 21. Bf5 Nxf5 22. gxf5 Rh2 23. Ng3 Nc4 24. Rde1 Nd6 25. Ka1 Qf6 26. Nf1 Rh4 27. Qb3 Ka8 28. f3 Nxf5 29. Ng3 Nd6 30. Qd1 Nb5 31. a4 Nc7 32. Ref1 Qg6 33. Nd3 f6 34. f4 g4 35. f5 Qg5 36. Rf4 Rg8 37. Nf2 Ne8 38. Qf1 Nd6 39. Nd3 Qg7 40. Nc5 Qe7 41. Qf2 Rh3 42. e4 dxe4 43. Re1 Qh7 44. Ncxe4 Nxe4 45. Rfxe4 Qc7 46. R1e3 Rhh8 47. Qe2 Qa5 48. Qc2 a6 49. Re7 Rd8 50. R3e4 Bxf5 51. Nxf5 Qxf5 52. Rxb7 Rh1+ 53. Ka2 Qd5+ 54. Rb3 Rb8 55. Ree3 Rxb3 56. Qxb3 Qxb3+ 57. Rxb3 Rh3 58. Rb6 g3 59. Rxc6 f5 60. d5 f4 61. d6 Rh7 62. Rc8+ Kb7 63. Rg8 Kc6 64. Rg6 Rf7 65. b4 Kd7 66. b5 axb5 67. axb5 f3 68. b6 f2 69. b7 f1Q 70. b8Q Rf2+ 0-1

[Event "Veliko Gradiste Silver Lake op-A"]
[Site "Veliko Gradiste"]
[Date "2015.06.23"]
[Round "4"]
[White "Trifunovic, Miroljub"]
[Black "Milanovic, Danilo"]
[Result "0-1"]
[WhiteElo "2232"]
[BlackElo "2467"]
[PlyCount "88"]
[EventDate "2015.06.20"]
[EventType "swiss"]
[EventRounds "9"]
[EventCountry "SRB"]
[SourceTitle "CBM 167 Extra"]
[Source "ChessBase"]
[SourceDate "2015.09.14"]
[SourceVersion "1"]
[SourceVersionDate "2015.09.14"]
[SourceQuality "1"]

1. d4 Nf6 2. c4 c5 3. d5 g6 4. Nc3 d6 5. e4 Bg7 6. Bd3 0-0 7. Nf3 e6 8. 0-0 exd5 9. exd5 Bg4 10. h3 Bxf3 11. Qxf3 Nbd7 12. Qd1 Ne8 13. Bd2 Ne5 14. Be2 a6 15. a4 f5 16. f4 Nd7 17. a5 Bd4+ 18. Kh2 Ng7 19. Bf3 Re8 20. Ra3 Rb8 21. Re1 h5 22. Rxe8+ Qxe8 23. Rb3 Be3 24. Ne2 Bxd2 25. Qxd2 Qd8 26. Re3 b5 27. axb6 Qxb6 28. b3 Kf7 29. Nc1 Nf6 30. Qe2 Qa5 31. Re7+ Kf8 32. Re3 Qa1 33. Qd2 Re8 34. Rxe8+ Kxe8 35. Ne2 Kf7 36. Qc3 Qa3 37. Qc2 Qa1 38. Qd2 Qb1 39. Qe3 h4 40. Nc1 Ne4 41. Ne2 Qc2 42. Kg1 Qd1+ 43. Kh2 Nd2 44. Qc3 Qe1 0-1

[Event "Veliko Gradiste Silver Lake op-A"]
[Site "Veliko Gradiste"]
[Date "2015.06.21"]
[Round "2"]
[White "Damljanovic, Branko"]
[Black "Trifunovic, Miroljub"]
[Result "1-0"]
[WhiteElo "2565"]
[BlackElo "2232"]
[PlyCount "84"]
[EventDate "2015.06.20"]
[EventType "swiss"]
[EventRounds "9"]
[EventCountry "SRB"]
[SourceTitle "CBM 167 Extra"]
[Source "ChessBase"]
[SourceDate "2015.09.14"]
[SourceVersion "1"]
[SourceVersionDate "2015.09.14"]
[SourceQuality "1"]

1. d4 d5 2. c4 e6 3. Nf3 Nf6 4. g3 Be7 5. Bg2 0-0 6. 0-0 dxc4 7. Qa4 a6 8. Qxc4 b5 9. Qc2 Bb7 10. Bd2 Be4 11. Qc1 Nc6 12. e3 b4 13. Be1 Na5 14. Nbd2 Bd3 15. Ne5 Bxf1 16. Kxf1 c5 17. Bxa8 Qxa8 18. dxc5 Rc8 19. Nd3 Qh1+ 20. Ke2 Qxh2 21. Nf3 Qh5 22. Bxb4 Nc6 23. Qh1 Qxh1 24. Rxh1 Nxb4 25. Nxb4 Rxc5 26. Nd3 Rc2+ 27. Kd1 Rc7 28. Rh4 Rd7 29. Ke2 Nd5 30. Ra4 Nc7 31. Rc4 f6 32. Nde5 fxe5 33. Nxe5 Rd8 34. Rxc7 Bd6 35. Rd7 Rxd7 36. Nxd7 h5 37. f4 Kf7 38. Kf3 Ke7 39. Nb6 Bc7 40. Na4 Kf6 41. g4 g6 42. b4 Ke7 1-0

[Event "Pozarevac-ch"]
[Site "Pozarevac"]
[Date "2014.12.27"]
[Round "2"]
[White "Trifunovic, Miroljub"]
[Black "Radovanovic, Mihajlo"]
[Result "1-0"]
[WhiteElo "2229"]
[BlackElo "2104"]
[PlyCount "33"]
[EventDate "2014.12.26"]
[EventType "swiss"]
[EventRounds "5"]
[EventCountry "SRB"]
[SourceTitle "CBM 164 Extra"]
[Source "ChessBase"]
[SourceDate "2015.03.02"]
[SourceVersion "1"]
[SourceVersionDate "2015.03.02"]
[SourceQuality "1"]

1. e4 c5 2. g3 d5 3. exd5 Qxd5 4. Nf3 Qe4+ 5. Be2 Bg4 6. Nc3 Qe6 7. 0-0 Nc6 8. Re1 Qd7 9. d3 Nf6 10. Bf4 g6 11. Ne5 Nxe5 12. Bxe5 Be6 13. d4 c4 14. Bxf6 exf6 15. d5 Bf5 16. Bxc4+ Kd8 17. Bb5 1-0

[Event "Pozarevac-ch"]
[Site "Pozarevac"]
[Date "2014.12.27"]
[Round "3"]
[White "Tsekmes, Dimitrios"]
[Black "Trifunovic, Miroljub"]
[Result "0-1"]
[WhiteElo "1958"]
[BlackElo "2229"]
[PlyCount "70"]
[EventDate "2014.12.26"]
[EventType "swiss"]
[EventRounds "5"]
[EventCountry "SRB"]
[SourceTitle "CBM 164 Extra"]
[Source "ChessBase"]
[SourceDate "2015.03.02"]
[SourceVersion "1"]
[SourceVersionDate "2015.03.02"]
[SourceQuality "1"]

1. d4 d5 2. Bf4 e6 3. e3 Nf6 4. Nf3 c5 5. c3 Nc6 6. Nbd2 Bd6 7. Bg3 0-0 8. Bd3 Re8 9. 0-0 e5 10. dxe5 Nxe5 11. Nxe5 Bxe5 12. Bxe5 Rxe5 13. Re1 Qc7 14. Nf1 Bg4 15. Be2 Bd7 16. Ng3 Rae8 17. Qd2 g6 18. Bf3 h5 19. h3 Bc6 20. Rad1 Kg7 21. b3 b5 22. Ne2 g5 23. Ng3 g4 24. hxg4 hxg4 25. Be2 Rh8 26. Bd3 Nh5 27. b4 Nxg3 28. fxg3 Reh5 29. Kf2 R8h6 30. Rf1 Rh2 31. Qe2 Bd7 32. Rd2 cxb4 33. cxb4 R6h3 34. Ke1 Qxg3+ 35. Kd1 Rh6 0-1

[Event "Pozarevac-ch"]
[Site "Pozarevac"]
[Date "2014.12.26"]
[Round "1"]
[White "Abramovic, Bosko"]
[Black "Trifunovic, Miroljub"]
[Result "1-0"]
[WhiteElo "2468"]
[BlackElo "2229"]
[PlyCount "70"]
[EventDate "2014.12.26"]
[EventType "swiss"]
[EventRounds "5"]
[EventCountry "SRB"]
[SourceTitle "CBM 164 Extra"]
[Source "ChessBase"]
[SourceDate "2015.03.02"]
[SourceVersion "1"]
[SourceVersionDate "2015.03.02"]
[SourceQuality "1"]

1. Nf3 d5 2. d4 Nf6 3. c4 c6 4. cxd5 cxd5 5. Nc3 Nc6 6. Bf4 Qb6 7. e3 a6 8. Bd3 Bg4 9. 0-0 e6 10. Na4 Qd8 11. Rc1 Bd6 12. Bxd6 Qxd6 13. Nc5 Bxf3 14. gxf3 Nd8 15. Qa4+ Kf8 16. Rc3 g6 17. Rfc1 Kg7 18. b4 e5 19. Nxb7 Nxb7 20. Rc6 Qb8 21. Rb6 exd4 22. Qc6 Qe5 23. f4 Qd6 24. Qxb7 Qd8 25. Rc7 Rf8 26. Qc6 dxe3 27. fxe3 Ng4 28. h3 Nxe3 29. Qd6 Qxd6 30. Rxd6 a5 31. b5 a4 32. Kf2 Rae8 33. Rdd7 Nd1+ 34. Kf1 Ne3+ 35. Kg1 Rd8 1-0

[Event "SRB-chT Central"]
[Site "Pozarevac"]
[Date "2012.02.18"]
[Round "8"]
[White "Sorgic, Dragan"]
[Black "Trifunovic, Miroljub"]
[Result "1-0"]
[WhiteElo "2242"]
[BlackElo "2278"]
[PlyCount "139"]
[EventDate "2012.02.13"]
[EventType "team-swiss"]
[EventRounds "9"]
[EventCountry "SRB"]
[SourceTitle "CBM 146 Extra"]
[Source "ChessBase"]
[SourceDate "2012.02.29"]
[SourceVersion "1"]
[SourceVersionDate "2012.02.29"]
[SourceQuality "1"]

1. Nf3 d5 2. g3 Nf6 3. Bg2 e6 4. d3 c5 5. 0-0 Nc6 6. Nbd2 Be7 7. e4 Qc7 8. Re1 dxe4 9. dxe4 e5 10. c3 0-0 11. Qe2 b6 12. Nc4 Ba6 13. Bf1 h6 14. Nh4 Rfe8 15. Nf5 Bf8 16. Qd1 Rad8 17. Qf3 Re6 18. h4 Kh7 19. g4 Nxg4 20. h5 Nf6 21. Ng3 Ne7 22. a4 g6 23. a5 b5 24. Ne3 Bg7 25. Bh3 Red6 26. Ng4 Nxg4 27. Bxg4 Rf6 28. hxg6+ fxg6 29. Qh1 Rdf8 30. Be3 Bc8 31. Be2 a6 32. Red1 Bb7 33. Qh3 Bc8 34. Bg4 Rd6 35. Bxc8 Rxc8 36. b4 cxb4 37. cxb4 Rcd8 38. Rdc1 Qd7 39. Qh4 Nc6 40. Kg2 Qe7 41. Qxe7 Nxe7 42. Rc7 R6d7 43. Rac1 Kg8 44. Bb6 Kf7 45. R7c2 Ra8 46. Nf1 h5 47. Be3 Bf6 48. Nd2 g5 49. Rh1 Kg6 50. Nb3 g4 51. Nc5 Rc7 52. Rd2 Rc6 53. Rhd1 h4 54. Rd6 Kf7 55. Nd7 Bg7 56. Bg5 h3+ 57. Kg1 h2+ 58. Kxh2 Rxd6 59. Rxd6 Rd8 60. Rd2 Rh8+ 61. Kg2 Nc6 62. Nc5 Nxb4 63. Rd7+ Kg6 64. Bd2 Nc2 65. Rd6+ Kf7 66. Rxa6 Rd8 67. Ra7+ Ke8 68. Bg5 Ne1+ 69. Kf1 Rd1 70. Re7+ 1-0